| 000 | 00339nam a2200145Ia 4500 | ||
|---|---|---|---|
| 008 | 230711s9999||||xx |||||||||||||| ||und|| | ||
| 041 | _aENG | ||
| 082 |
_a540 _bCH-O |
||
| 100 | _aChatwal, G.R. | ||
| 245 | 0 | _aOrganic Chemistry | |
| 250 | _a1st . Ed. | ||
| 260 |
_c1991 _aNew Delhi _bPradeep publishers |
||
| 650 | _aChemistry | ||
| 942 | _cBK | ||
| 999 |
_c2931 _d2931 |
||